000 00617nam a2200229Ia 4500
003 OSt
005 20221007080655.0
006 a|||||r|||| 00| 0
007 ta
008 221006b |||||||| |||| 00| 0 eng d
024 _a19,362
037 _cTextual
040 _aFLL
_cFLL
_beng
041 _2eng
_aeng
082 _aZ:94p8:N64, L0
100 _aGlass Harold H.
_9695218
245 0 _aSeminars on evidence
260 _aNew South Wales
_bThe Law Book Co. Ltd. New South
_c1970
300 _a270p
_ccm.
942 _hZ:94p8:N64, L0
_cTEXL
_2CC
999 _c1160501
_d1160501